| 000 | 01884nam0a2200373 4500 | ||
|---|---|---|---|
| 001 | RU\NLR\bibl\1067556 | ||
| 005 | 20260407142235.0 | ||
| 010 |
_a978-5-9532-0514-6 _92000 |
||
| 021 |
_aRU _b2007-8839 _9468 |
||
| 035 | _a(nilc)RSL-KNO-003045446 | ||
| 035 | _a(NLR Aleph) 001054806 | ||
| 090 |
_a901390 _c901390 |
||
| 100 | _a20070301d2007 |||y0rusy50 ca | ||
| 101 | 0 | _arus | |
| 102 | _aRU | ||
| 105 | _aa ||||||||| | ||
| 106 | _ar | ||
| 200 | 1 |
_aЭкономика сельского хозяйства _eучебное пособие для студентов высших учебных заведений, обучающихся по направлению 110300 "Агроинженерия" _fМеждунар. ассоц. "Агрообразование" _g[В.Т. Водянников и др.] _gпод ред. д.э.н., проф. В.Т. Водянникова |
|
| 210 |
_aМосква _cКолосС _d2007 |
||
| 215 |
_a388, [2] с. _cил. _d22 |
||
| 225 | 1 | _aУчебник | |
| 320 | _aБиблиогр.: с. 385 | ||
| 606 | 1 |
_aСельское хозяйство _jУчебные издания для высших учебных заведений _xЭкономика _yРоссийская Федерация _92079346 _3RU\NLR\auth\661255225 |
|
| 610 | 0 | _aЭкономика -- Российская Федерация -- Сельское хозяйство -- Учебник для высшей школы | |
| 686 |
_aУ9(2)320я73-1 _2rubbk |
||
| 686 | _aУ32(2Р)я73 | ||
| 702 | 1 |
_aВодянников _bВ. Т. _gВладимир Тимофеевич _4220 |
|
| 712 | 0 | 2 |
_4570 _a"Агрообразование", международная ассоциация _3RU\NLR\AUTH\8810085366 _9672718 |
| 801 | 0 |
_aRU _bРКП _c20070301 |
|
| 801 | 1 |
_aRU _bРГБ _c20070301 |
|
| 801 | 2 |
_aRU _bNLR _c20070403 _grcr |
|
| 942 | _cBOOK | ||
| 980 | _aNB | ||